|
|
|
|
| LEADER |
00000nam a2200000 i 4500 |
| 001 |
publ2286 |
| 005 |
20240729170957.0 |
| 008 |
240729s2019 hu o 000 zxx d |
| 020 |
|
|
|a 978-615-5607-70-7
|
| 040 |
|
|
|a BGE Publikációtár Repozitórium
|b hun
|
| 100 |
1 |
|
|a Vágány Judit
|
| 245 |
1 |
0 |
|a Tehetségek a tudomány láthatárán
|c Vágány Judit
|h [elektronikus dokumentum]
|
| 260 |
|
|
|a BGE KVIK
|b Budapest
|c 2019
|
| 300 |
|
|
|a 149
|
| 650 |
|
4 |
|a gazdálkodás- és szervezéstudományok
|
| 695 |
|
|
|a OTDK
|
| 695 |
|
|
|a Tudományos Diákkör
|
| 856 |
4 |
0 |
|u https://publikaciotar.uni-bge.hu/id/eprint/2286/1/Tehetsegek_a_tudomany_lathataran.pdf
|z Dokumentum-elérés
|